000 00774nam a2200253Ia 4500
003 OSt
005 20220923211329.0
006 a|||||r|||| 00| 0
007 ta
008 Pun
020 _a9788182991289 (hbk)
_c100
024 _a240,526
037 _b7501/I, 19/11/2009, Arsee Publishers
_cTextual
040 _aARTS
_cARTS
_bPun
041 _2Pun
_aPun
082 _aO153,3NKA,GM, P8
100 _aਕੌFਲ, ਜਗਦੀF
_9160249
245 0 _aਗੁਆਚਿਆ ਮੁੰਡਾ
260 _aਦਿੱਲੀ
_b ਆਰਸੀ
_c2008
300 _a88ਪੰ
_ccm.
650 _aਪੰਜਾਬੀ ਸਾਹਿਤ
942 _hO153,3NKA,GM, P8
_cTEXL
_2CC
999 _c298557
_d298557